000 00617nam a22002177a 4500
005 20170124110100.0
010 _a303030
020 _c00.00
035 _aA-574672
037 _bCen Lib/Ret
040 _aDPL
_bEN
082 _aS
_bJHA
100 _aJhabvala, R. Prawer
_926884
245 _aLike birds, like fishes, and other stories /
_cby R. Prawer Jhabvala
260 _aLondon
_bJohn Murray
_c1963
270 _a50 Albemarle Street
_bLondon
300 _a224p.
_c19cm(Hb)
650 _aShort stories, Indic -- 20th century
_926885
650 _aShort stories, Indic
_926886
942 _2ddc
_cEN
_hS
_mJHA
999 _c129607
_d129607